| Tag |
First Indicator |
Second Indicator |
Subfields |
| LEADER |
00000cam a2200000 a 4500 |
| 001 |
in00000009412 |
| 005 |
20151007051535.0 |
| 008 |
870910s1987 enkab b 00110 eng d |
| 010 |
|
|
|a gb 87019916
|
| 015 |
|
|
|a GB87-19916
|
| 020 |
|
|
|a 0718511972 (cased) :
|c £30.00
|
| 020 |
|
|
|a 0718512820 (pbk) :
|c £9.75
|
| 035 |
|
|
|a (OCoLC)16802803
|
| 035 |
|
|
|9 AAA3497AM
|
| 040 |
|
|
|a UKM
|c UKM
|d TXA
|d UtOrBLW
|
| 043 |
|
|
|a e-uk-st
|
| 049 |
|
|
|a TXAM
|c [A10908045]
|
| 050 |
1 |
0 |
|a DA775
|
| 050 |
|
4 |
|a DA775
|b .C73 1987
|
| 082 |
0 |
|
|a 941.101
|2 19
|
| 100 |
1 |
|
|a Crawford, B. E.
|
| 245 |
1 |
0 |
|a Scandinavian Scotland /
|c Barbara E. Crawford.
|
| 264 |
|
1 |
|a [Leicester] :
|b Leicester University Press,
|c 1987.
|
| 300 |
|
|
|a xii, 274 pages :
|b illustrations, maps ;
|c 24 cm.
|
| 336 |
|
|
|a text
|b txt
|2 rdacontent
|
| 337 |
|
|
|a unmediated
|b n
|2 rdamedia
|
| 338 |
|
|
|a volume
|b nc
|2 rdacarrier
|
| 490 |
1 |
|
|a Scotland in the early Middle Ages ;
|v 2
|
| 490 |
1 |
|
|a Studies in the early history of Britain
|
| 504 |
|
|
|a Bibliography: pages [252]-263.
|
| 500 |
|
|
|a Includes index.
|
| 651 |
|
0 |
|a Scotland
|x History
|y To 1603.
|
| 830 |
|
0 |
|a Scotland in the early Middle Ages ;
|v 2.
|
| 830 |
|
0 |
|a Studies in the early history of Britain.
|
| 999 |
|
|
|a MARS
|
| 999 |
f |
f |
|s b85cd902-f8fb-31fc-a3da-d79f0ab93a88
|i c8bd927e-fa51-3bdb-872a-5db7835b582e
|t 0
|
| 952 |
f |
f |
|p normal
|a Texas A&M University
|b College Station
|c Sterling C. Evans Library
|d Evans: Library Stacks
|t 0
|e DA775 .C73 1987
|h Library of Congress classification
|i unmediated -- volume
|m A14810908045
|
| 998 |
f |
f |
|a DA775 .C73 1987
|t 0
|l Evans: Library Stacks
|